[Event "EYCC 2017"]
[Site "Mamaia"]
[Date "2017.09.11"]
[Round "6"]
[White "Mochalin, Faddey"]
[Black "Antonica, Dragos-Andrei"]
[Result "0-1"]
[WhiteElo "2052"]
[BlackElo "2188"]
[Annotator "TA"]
[PlyCount "116"]
[EventDate "2017.??.??"]
[EventType "swiss"]
[EventCountry "ROU"]
[SourceTitle "playchess.com"]
[Source "ChessBase"]
[SourceQuality "1"]

{[%evp 9,116,6,-2,-12,-15,-18,-25,-29,-42,-73,-69,-100,-79,-84,-79,-83,-84,-79,-77,-64,-75,-322,-323,-313,-303,-309,-270,-360,-329,-494,-500,-584,-601,-659,-668,-666,-669,-660,-661,-656,-644,-776,-758,-747,-705,-729,-592,-589,-583,-602,-556,-639,-641,-680,-683,-772,-747,-701,-575,-1014,-1025,-1023,-1010,-1011,-991,-1055,-1045,-1458,-8,-8,0,0,0,-497,0,0,0,0,0,0,733,-147,-148,-47,-287,-311,-257,-410,-404,-814,-625,-5181,-5545,-4585,-3049,-2676,-2319,-29986,-29945,-29991,-29992,-29996,-29991,-29991,-29991,-29992,-29992,-29992,-6193]} 1. d4 Nf6 2. c4 e6 3. Nc3 Bb4 4. e3 O-O 5. Nge2 c6 {LiveBook: 228 Games} (5... d5 6. a3 Be7 7. cxd5 exd5 8. Nf4 c6 9. Bd3 Na6 10. O-O Nc7 11. Qc2 Bd6 12. f3 Re8 13. Nce2 Qe7 14. Ng3 c5 15. Qf2 b6 16. Bd2 g6 17. dxc5 bxc5 {0-1 (28) Nakamura,H (2787)-Carlsen,M (2853) chess.com INT 2016}) 6. Nf4 {E46: Nimzo-Indian: Rubinstein: 4 e3 0-0 5 Ne2 without early Bd3} (6. a3 $5 {[%cal Ra3b4]} Ba5 7. Bd2 $11) 6... d5 7. Qc2 $146 ({Predecessor:} 7. Nd3 Bd6 8. c5 Bc7 9. f4 Ne4 10. Nxe4 dxe4 11. Nf2 f5 12. Bc4 Qe7 13. g4 {0-1 (22) Hambleton,A (2441)-Perez Ponsa,F (2583) chess.com INT 2017}) 7... Bd6 8. c5 {Black has an edge.} Bc7 9. Bd2 Nbd7 10. O-O-O b6 11. cxb6 axb6 12. f3 c5 13. Kb1 Nb8 {[%cal Bd7b8,Bb8c6,Bc6b4,Bb4d3][%mdl 32]} 14. Nb5 c4 15. g4 $2 (15. b3 $17 {was called for.}) 15... Bxf4 $1 $19 16. exf4 Bd7 17. Nc3 b5 18. Ne2 Nc6 19. b4 (19. b3 {was worth a try.} Qb6 20. Qb2) 19... Ra4 20. Qb2 Qe7 21. a3 Rfa8 22. Bc1 {[#]} Nxb4 $1 {[%mdl 512]} 23. Nc3 {[#]} (23. axb4 Rxb4) 23... Nd3 $1 {[%mdl 512]} 24. Rxd3 (24. Bxd3 Rxa3) 24... Rxa3 (24... cxd3 $2 25. Nxa4 Rxa4 26. Bxd3 $19) 25. Nxd5 {[#]} Ra1+ $1 {[%mdl 512]} 26. Qxa1 Rxa1+ 27. Kxa1 exd5 28. Re3 Qd6 29. Be2 g6 30. Bd1 Qb6 31. Rhe1 b4 32. Re7 Qxd4+ 33. Kb1 Be6 {White must now prevent ...b3.} 34. Rc7 Qd3+ 35. Bc2 Qxf3 36. f5 gxf5 37. Bh6 b3 38. Bxf5 Bxf5+ $2 ({Black should play} 38... Qf2 $19 39. Rxe6 Qa2+ 40. Kc1 b2+ 41. Kd1 b1=Q+ 42. Bxb1 Qxb1+ 43. Ke2 fxe6 44. Rg7+ Kh8) 39. gxf5 $11 Qd3+ 40. Kb2 {Threatening mate with Rc8+.} Qxf5 41. Ka3 $2 {[%mdl 8192]} (41. Rce7 $11 {and White stays safe.} Qf2+ 42. Ka3 Qc5+ 43. Ka4 Qc6+ 44. Ka5) 41... b2 $2 (41... d4 $1 $19 {( -> ...Qa5+)} 42. Rg1+ Ng4 43. Rxc4 b2 $1 {[%mdl 512]} 44. Kxb2 Qb5+ 45. Ka3 f5 46. Rc8+ Kf7 47. Rc7+ Kg6) 42. Ka2 $1 d4 {Strongly threatening ...Qa5+.} (42... c3 $5 43. Rb7 b1=Q+ $1 {[%mdl 512]} 44. Rexb1 Qf2+ 45. Ka1 Ne8 $11) 43. Ra7 {[#] Ra8+ would kill now.} b1=Q+ $1 44. Rxb1 {White wants to mate with Rb8+.} Ne8 $2 {[%mdl 8192]} (44... Qc2+ $11 45. Ka3 Qd3+ 46. Ka2 Qc2+ 47. Ka1 Qc3+ 48. Ka2 Qc2+) 45. Ra8 $2 {[#]} (45. Rg1+ $18 Kh8 46. Bg7+ $1 {[%mdl 512]} Kg8 47. Bf6+ Qg6 48. Rxg6+ hxg6 49. Ra8) 45... f6 $1 $17 46. Rxe8+ (46. Ra7 $17) 46... Kf7 $19 47. Reb8 c3 48. R8b7+ (48. R8b5 $142 Qh3 49. Rb7+ Kg6 50. Bf8 Qe6+ 51. R7b3) 48... Kg6 49. Bc1 (49. Bf8 $142 d3 50. Rg7+ Kh5 51. Rbg1) 49... Qd5+ 50. R1b3 d3 51. R7b5 Qg2+ 52. Ka3 d2 53. Rxc3 d1=Q {Black mates.} 54. h4 Qa8+ 55. Kb4 Qd6+ 56. Kb3 Qe6+ 57. Kb4 Qee4+ 58. Rc4 Qa4+ {Precision: White = 24%, Black = 79%.} (58... Qb1+ $142 59. Kc5 Qc8+ 60. Kd4 Qg4+ 61. Kc5 Qgf5+ 62. Kd6 Qbxb5 63. h5+ Kxh5 64. Rh4+ Kxh4 65. Bg5+ fxg5 66. Ke7 Qbd7#) 0-1

[Event "EYCC 2017"]
[Site "Mamaia"]
[Date "2017.09.11"]
[Round "6"]
[White "Asatryan, Sona"]
[Black "Avetisyan, Mariam"]
[Result "1-0"]
[WhiteElo "2043"]
[BlackElo "1976"]
[Annotator "NA RC"]
[PlyCount "109"]
[EventDate "2017.??.??"]
[EventType "swiss"]
[EventCountry "ROU"]
[SourceTitle "playchess.com"]
[Source "ChessBase"]
[SourceQuality "1"]
[TimeControl "40/5400+30:1800+30"]

1. e4 {[%emt 0:00:00]} e6 {[%emt 0:00:12]} 2. d4 {[%emt 0:00:00]} d5 {[%emt 0:00:03]} 3. Nd2 {[%emt 0:00:27]} Nf6 {[%emt 0:00:15]} 4. e5 {[%emt 0:00:16]} Nfd7 {[%emt 0:00:06]} 5. Bd3 {[%emt 0:00:24]} c5 {[%emt 0:00:14]} 6. c3 {[%emt 0:00:04]} Nc6 {[%emt 0:00:02]} 7. Ne2 {[%emt 0:00:09]} cxd4 {[%emt 0:00:11]} 8. cxd4 {[%emt 0:00:04]} f6 {[%emt 0:00:59]} 9. exf6 {[%emt 0:05:24]} Nxf6 {[%emt 0:00:22]} 10. O-O {[%emt 0:00:55]} Bd6 {[%emt 0:00:17]} 11. Nf3 {[%emt 0:00:23]} Qc7 {[%emt 0:00:52]} 12. Bg5 {[%emt 0:00:39]} O-O {[%emt 0:00:29]} 13. Bh4 {[%emt 0:01:43]} Nh5 {[%emt 0:00:52]} 14. Qc2 {[%emt 0:08:10]} h6 {[%emt 0:02:06]} 15. Bh7+ {[%emt 0:03:35] C06: French Tarrasch: 3...Nf6 4 e5 Nfd7 5 Bd3 main lines} Kh8 {[%emt 0:00:19]} 16. Bg6 {[%emt 0:01:24]} Rxf3 {[%emt 0:00:06]} (16... Nf4 17. Nxf4 Rxf4 18. Bg3 Rxf3 19. gxf3 Qe7 20. Rad1 Bd7 21. Qc3 Rf8 22. Bb1 Kg8 {1-0 (41) Artemiev,V (2653)-Onischuk,V (2615) Martuni 2016}) 17. Bxh5 {[%emt 0:00:41]} Rf8 {[%emt 0:00:47]} 18. Bg3 {[%emt 0:03:02]} Bd7 {[%emt 0:00:07]} 19. Qd2 {[%emt 0:05:59]} Be8 {[%emt 0:15:56]} 20. Bg4 {[%emt 0:03:52]} Rf6 $146 {[%emt 0:07:57]} ({Predecessor:} 20... e5 21. dxe5 Nxe5 22. Be6 Bb5 23. Bxd5 {1-0 (58) Silber,K (2049)-Brunner,W (2037) Willingen 2017}) 21. Nc3 {[%emt 0:04:19]} a6 {[%emt 0:08:22]} 22. Rfe1 {[%emt 0:03:22]} Bf7 {[%emt 0:03:44]} 23. Re3 {[%emt 0:11:41]} Bf4 {[%emt 0:04:15]} 24. Qd1 {[%emt 0:05:01]} Rf8 {[%emt 0:16:34]} 25. Ne2 {[%emt 0:05:26]} Bd6 {[%emt 0:02:18]} 26. Rf3 {[%emt 0:06:56]} Rxf3 {[%emt 0:04:07]} 27. Bxf3 {[%emt 0:00:03]} Bg8 {[%emt 0:04:49]} 28. Rc1 {[%emt 0:03:05]} Bxg3 {[%emt 0:04:36]} 29. hxg3 {[%emt 0:01:49]} g5 {[%emt 0:00:03]} 30. Qd2 {[%emt 0:05:36]} Qg7 {[%emt 0:00:15]} 31. Rd1 {[%emt 0:05:10]} Bh7 {[%emt 0:01:14]} 32. Nc3 {[%emt 0:03:30]} Qf6 {[%emt 0:09:35]} (32... g4 $5 {[%cal Rg4f3]} 33. Be2 b5 $11) 33. Qe3 {[%emt 0:05:42]} Kg7 {[%emt 0:02:51]} 34. a3 {[%emt 0:04:51]} Bf5 {[%emt 0:02:00]} 35. b4 {[%emt 0:02:09]} Rc8 {[%emt 0:00:31]} 36. Rd2 {[%emt 0:00:52]} b5 {[%emt 0:00:16]} 37. g4 {[%emt 0:00:55]} Bg6 {[%emt 0:00:35]} 38. Bd1 {[%emt 0:00:30]} Nd8 {[%emt 0:05:45]} 39. Bc2 {[%emt 0:00:35]} Bxc2 {[%emt 0:00:37]} 40. Rxc2 {[%emt 0:00:00]} Rc4 {[%emt 0:00:18]} 41. Rd2 {[%emt 0:06:20]} Nb7 {[%emt 0:03:50]} 42. Ne2 {[%emt 0:02:25]} Nd6 $11 {[%emt 0:00:30]} 43. Ng3 {[%emt 0:00:30]} Kf7 {[%emt 0:00:30]} 44. Nh5 {[%emt 0:00:30]} Qg6 {[%emt 0:00:30]} 45. Qe5 {[%emt 0:00:30]} Nf5 {[%emt 0:00:30]} 46. Rd3 {[%emt 0:00:30]} Nh4 {[%emt 0:00:30]} 47. Qd6 {[%emt 0:00:30]} Kg8 {[%emt 0:00:30]} 48. Qd8+ {[%emt 0:00:30]} Kf7 {[%emt 0:00:30]} 49. Re3 {[%emt 0:00:30]} Rc1+ {[%emt 0:00:30]} 50. Kh2 {[%emt 0:00:30]} Rc2 {[%emt 0:00:30]} 51. Qd7+ {[%emt 0:00:30]} Kf8 {[%emt 0:00:30]} 52. Rxe6 {[%emt 0:00:30]} Nf3+ {[%emt 0:00:30] Re3 [%clk 0:11:20] Nh4 [%clk 0:01:12] Re6 [%clk 0:11:26] Nf3+ [%clk 0:01:07]} 53. Kg3 {[%emt 0:12:15]} Rc3 {[%emt 0:31:14]} 54. Qe7+ {[%emt 0:00:11]} Kg8 55. Rxg6+ 1-0

[Event "EYCC 2017"]
[Site "Mamaia"]
[Date "2017.09.11"]
[Round "6"]
[White "Mironenko, Galina"]
[Black "Zvereva, Margarita"]
[Result "1/2-1/2"]
[WhiteElo "2035"]
[BlackElo "1790"]
[Annotator "NA RC"]
[PlyCount "103"]
[EventDate "2017.??.??"]
[EventType "swiss"]
[EventCountry "ROU"]
[SourceTitle "playchess.com"]
[Source "ChessBase"]
[SourceQuality "1"]
[TimeControl "40/5400+30:1800+30"]

1. Nf3 {[%emt 0:00:00]} Nf6 {[%emt 0:00:20]} 2. c4 {[%emt 0:00:00]} e6 {[%emt 0:00:10]} 3. g3 {[%emt 0:00:07]} d5 {[%emt 0:00:10]} 4. Bg2 {[%emt 0:00:50]} Be7 {[%emt 0:00:48]} 5. cxd5 {[%emt 0:00:12]} exd5 {[%emt 0:05:38]} 6. O-O {[%emt 0:00:11]} O-O {[%emt 0:00:09]} 7. Qc2 {[%emt 0:00:05] A14: English Opening: 1...e6 with b3 by White} c6 {[%emt 0:05:51]} (7... c5 8. d4 Na6 9. dxc5 Nxc5 10. Rd1 Nce4 11. Ng5 Bf5 12. Nxe4 Bxe4 13. Bxe4 Nxe4 14. Be3 Rc8 {1-0 (61) Ponkratov,P (2604)-Landa,K (2625) Minsk 2015}) 8. d3 {[%emt 0:02:44]} Re8 {[%emt 0:01:38]} 9. b3 {[%emt 0:05:36]} Nbd7 {[%emt 0:02:26]} 10. Bb2 {[%emt 0:00:42]} Nf8 $146 {[%emt 0:01:03]} ({Predecessor:} 10... Bf8 11. Nc3 g6 12. Rad1 Qa5 13. a3 Bg7 14. h3 h6 15. Rfe1 {½-½ (45) Carlino,E-Garcia,C Posadas 2004}) 11. h3 {[%emt 0:04:10]} Ng6 {[%emt 0:08:17]} 12. Nbd2 {[%emt 0:07:08]} Bd7 {[%emt 0:08:09]} 13. e4 {[%emt 0:07:28]} dxe4 {[%emt 0:04:48]} 14. dxe4 {[%emt 0:01:17]} h6 {[%emt 0:14:31]} 15. Rfe1 {[%emt 0:04:10]} Qc8 {[%emt 0:02:24]} 16. Kh2 {[%emt 0:02:29]} Nh7 {[%emt 0:17:29]} 17. Qc3 {[%emt 0:08:44]} Bf8 {[%emt 0:01:14]} 18. Nc4 {[%emt 0:01:49]} Qc7 {[%emt 0:00:49]} 19. Rad1 {[%emt 0:03:00]} Be6 {[%emt 0:05:04]} 20. e5 {[%emt 0:14:18]} Red8 {[%emt 0:08:20]} 21. Nfd2 {[%emt 0:08:48]} Bd5 {[%emt 0:05:29]} 22. Ne4 {[%emt 0:03:51]} Ng5 {[%emt 0:01:45]} 23. Ncd6 {[%emt 0:05:23]} Nxe4 {[%emt 0:01:16]} 24. Nxe4 {[%emt 0:00:30]} Qe7 {[%emt 0:03:18]} 25. Nd6 {[%emt 0:02:01]} Bxg2 {[%emt 0:00:29]} 26. Kxg2 {[%emt 0:00:08]} Qc7 {[%emt 0:01:12]} 27. f4 {[%emt 0:01:39]} Ne7 {[%emt 0:00:35]} 28. Qc4 {[%emt 0:00:38]} Nc8 {[%emt 0:00:27]} 29. Nf5 {[%emt 0:07:56]} Nb6 {[%emt 0:00:23]} 30. Qe4 {[%emt 0:01:19]} Rxd1 {[%emt 0:00:30]} 31. Rxd1 {[%emt 0:00:09]} Re8 {[%emt 0:00:26]} 32. Qf3 {[%emt 0:03:30]} c5 {[%emt 0:00:42]} 33. Nd6 {[%emt 0:01:37]} Bxd6 {[%emt 0:00:32]} 34. exd6 {[%emt 0:02:44]} Qc6 {[%emt 0:00:23]} 35. Qxc6 {[%emt 0:01:21]} bxc6 {[%emt 0:00:01]} 36. Kf2 {[%emt 0:00:48]} Rd8 {[%emt 0:01:06]} 37. Ba3 {[%emt 0:00:26]} Nd7 {[%emt 0:00:30]} 38. Kf3 {[%emt 0:00:21]} Re8 {[%emt 0:00:22]} 39. g4 {[%emt 0:00:38]} Re6 {[%emt 0:00:28]} 40. h4 {[%emt 0:00:00]} f6 {[%emt 0:00:24]} 41. Bb2 {[%emt 0:03:54]} Re8 {[%emt 0:08:29]} 42. f5 {[%emt 0:06:18]} Kf7 {[%emt 0:05:17]} 43. h5 $16 {[%emt 0:07:18]} Kf8 {[%emt 0:13:52]} 44. Ba3 {[%emt 0:01:08]} Re5 {[%emt 0:02:59]} 45. b4 {[%emt 0:02:57]} cxb4 {[%emt 0:01:51]} 46. Bxb4 {[%emt 0:00:15]} Rb5 {[%emt 0:00:28]} 47. Bc3 {[%emt 0:01:26]} Rc5 {[%emt 0:00:49]} 48. Rd3 {[%emt 0:01:57]} Rb5 {[%emt 0:00:33]} 49. Rd1 {[%emt 0:01:29]} Rc5 {[%emt 0:00:12]} 50. Rd3 {[%emt 0:00:37]} Rb5 {[%emt 0:00:05]} 51. Kf4 {[%emt 0:05:43]} Rc5 {[%emt 0:00:52]} 52. Kf3 {[%emt 0:00:35]} 1/2-1/2

[Event "EYCC 2017"]
[Site "Mamaia"]
[Date "2017.09.11"]
[Round "6"]
[White "Hercog, Nusa"]
[Black "Lehaci, Miruna-Daria"]
[Result "1/2-1/2"]
[WhiteElo "2034"]
[BlackElo "1914"]
[Annotator "NA RC"]
[PlyCount "142"]
[EventDate "2017.??.??"]
[EventType "swiss"]
[EventCountry "ROU"]
[SourceTitle "playchess.com"]
[Source "ChessBase"]
[SourceQuality "1"]
[TimeControl "40/5400+30:1800+30"]

1. d4 {[%emt 0:00:00]} e6 {[%emt 0:00:05]} 2. c4 {[%emt 0:00:00]} Nf6 {[%emt 0:00:05]} 3. Nf3 {[%emt 0:00:00]} Bb4+ {[%emt 0:00:05]} 4. Nbd2 {[%emt 0:00:09]} b6 {[%emt 0:00:09]} 5. a3 {[%emt 0:00:20]} Bxd2+ {[%emt 0:00:05]} 6. Qxd2 {[%emt 0:00:23]} Bb7 {[%emt 0:00:13]} 7. e3 {[%emt 0:00:30]} d6 {[%emt 0:01:02]} 8. Be2 {[%emt 0:01:02]} O-O {[%emt 0:00:16]} 9. O-O {[%emt 0:00:20]} a5 {[%emt 0:00:05]} 10. b3 {[%emt 0:01:11]} Nbd7 {[%emt 0:01:20]} 11. Bb2 {[%emt 0:01:17]} Qe7 {[%emt 0:04:38]} 12. Rfd1 {[%emt 0:08:33]} Ne4 {[%emt 0:06:01]} 13. Qc2 {[%emt 0:01:07]} Ndf6 {[%emt 0:02:31]} 14. Bd3 {[%emt 0:05:08]} c5 {[%emt 0:06:41]} 15. Rac1 {[%emt 0:07:22]} Bc6 {[%emt 0:08:25]} 16. a4 {[%emt 0:05:04]} Rac8 {[%emt 0:23:11]} 17. Ne1 {[%emt 0:14:11]} d5 {[%emt 0:10:34]} 18. f3 {[%emt 0:14:27]} Nd6 {[%emt 0:02:05]} 19. dxc5 {[%emt 0:02:45]} bxc5 {[%emt 0:00:39]} 20. Bxf6 {[%emt 0:05:08]} Qxf6 {[%emt 0:00:07]} 21. Bxh7+ {[%emt 0:00:24]} Kh8 {[%emt 0:00:06]} 22. Bd3 {[%emt 0:02:50]} d4 {[%emt 0:05:42]} 23. exd4 {[%emt 0:02:57]} cxd4 {[%emt 0:00:10]} 24. Qd2 {[%emt 0:02:59]} Nb7 {[%emt 0:01:55]} 25. Bc2 {[%emt 0:02:40]} e5 {[%emt 0:08:17]} 26. Nd3 {[%emt 0:04:04]} Rfe8 {[%emt 0:05:08]} 27. Nf2 {[%emt 0:02:02]} Kg8 {[%emt 0:03:19]} 28. Ng4 {[%emt 0:01:33]} Qe6 {[%emt 0:01:39]} 29. Qg5 {[%emt 0:01:48]} f6 {[%emt 0:03:49]} 30. Qg6 {[%emt 0:01:49]} e4 {[%emt 0:05:06]} 31. fxe4 {[%emt 0:03:57]} f5 {[%emt 0:00:30]} 32. Nh6+ {[%emt 0:01:09]} Kf8 {[%emt 0:00:14]} 33. Qxe6 {[%emt 0:00:50]} Rxe6 {[%emt 0:00:06]} 34. Nxf5 {[%emt 0:00:07]} Bxe4 {[%emt 0:00:24]} 35. Nxd4 {[%emt 0:02:13]} Re7 {[%emt 0:00:24]} 36. Rf1+ {[%emt 0:00:35]} Kg8 {[%emt 0:00:09]} 37. Bxe4 {[%emt 0:01:34]} Rxe4 {[%emt 0:00:05]} 38. Nb5 {[%emt 0:01:04]} Re2 {[%emt 0:01:15]} 39. Rce1 {[%emt 0:01:19]} Rb2 {[%emt 0:00:33]} 40. Re7 {[%emt 0:00:00]} Nc5 {[%emt 0:00:16]} 41. Nd6 {[%emt 0:10:49]} Rd8 {[%emt 0:02:11]} 42. Ne8 {[%emt 0:02:06]} Rd7 {[%emt 0:02:42]} 43. Rxd7 {[%emt 0:00:51]} Nxd7 {[%emt 0:00:07]} 44. Rd1 {[%emt 0:03:57]} Ne5 {[%emt 0:02:53]} 45. Nd6 {[%emt 0:06:39]} Rxb3 {[%emt 0:04:42]} 46. h3 {[%emt 0:00:30]} Rb4 {[%emt 0:02:20]} 47. Rd5 {[%emt 0:00:33]} Nxc4 {[%emt 0:00:33]} 48. Nxc4 {[%emt 0:00:07]} Rxc4 {[%emt 0:00:05]} 49. Rxa5 {[%emt 0:00:03]} Kf7 {[%emt 0:00:19]} 50. Ra8 {[%emt 0:00:26]} Kf6 {[%emt 0:00:32]} 51. a5 {[%emt 0:00:47]} Kg5 {[%emt 0:00:47]} 52. a6 {[%emt 0:01:11]} Ra4 {[%emt 0:00:45]} 53. a7 {[%emt 0:00:57]} Ra2 {[%emt 0:00:37]} 54. Kh2 {[%emt 0:00:46]} Ra3 {[%emt 0:03:19]} 55. Kg1 {[%emt 0:00:44]} Ra2 {[%emt 0:00:06]} 56. Kf1 {[%emt 0:00:19]} Ra1+ {[%emt 0:01:26]} 57. Ke2 {[%emt 0:00:11]} Ra2+ {[%emt 0:00:04]} 58. Kd3 {[%emt 0:00:40]} Ra3+ {[%emt 0:00:49]} 59. Kc4 {[%emt 0:00:38]} Ra1 {[%emt 0:00:14]} 60. Kd5 {[%emt 0:01:04]} Ra6 {[%emt 0:02:51]} 61. g4 {[%emt 0:01:14]} Ra1 {[%emt 0:02:28]} 62. Ke6 {[%emt 0:00:37]} Kg6 {[%emt 0:06:38]} 63. h4 {[%emt 0:01:11]} Re1+ {[%emt 0:00:28]} 64. Kd5 {[%emt 0:01:50]} Rd1+ {[%emt 0:00:05]} 65. Ke4 {[%emt 0:00:43]} Re1+ {[%emt 0:00:14]} 66. Kd3 {[%emt 0:00:26]} Ra1 {[%emt 0:01:17]} 67. h5+ {[%emt 0:02:04]} Kh7 {[%emt 0:00:07]} 68. g5 {[%emt 0:02:28]} g6 {[%emt 0:00:53]} 69. h6 {[%emt 0:00:26]} Rd1+ {[%emt 0:00:51]} 70. Kc2 {[%emt 0:00:05]} Ra1 {[%emt 0:00:06]} 71. Kb2 {[%emt 0:01:00]} Ra5 {[%emt 0:00:27]} 1/2-1/2

[Event "EYCC 2017"]
[Site "Mamaia"]
[Date "2017.09.11"]
[Round "6"]
[White "Szucs, Edina"]
[Black "Georgescu, Lena"]
[Result "1/2-1/2"]
[WhiteElo "2023"]
[BlackElo "2246"]
[Annotator "TA"]
[PlyCount "60"]
[EventDate "2017.??.??"]
[EventType "swiss"]
[EventCountry "ROU"]
[SourceTitle "playchess.com"]
[Source "ChessBase"]
[SourceQuality "1"]

{[%evp 32,60,6,0,0,0,0,0,0,-14,0,-7,0,0,0,0,0,-5,0,-2,0,-25,0,-13,0,0,0,0,0,0,0]} 1. e4 c5 2. Nf3 e6 {[%cal Be7e6,Be6e5][%mdl 32]} 3. d4 cxd4 4. Nxd4 Nf6 5. Nc3 Nc6 6. Ndb5 {[%cal Bd4b5,Bb5a3,Ba3c2][%mdl 32]} d6 7. Bf4 e5 8. Bg5 a6 9. Na3 b5 10. Nd5 Be7 11. Bxf6 Bxf6 12. c4 b4 {B33: Sicilian: Pelikan and Sveshnikov Variations} 13. Nc2 O-O 14. g3 a5 15. Bg2 Bg5 16. O-O Ne7 (16... Be6 17. Qd3 Bxd5 18. cxd5 Nb8 19. h4 Bh6 20. a3 {½-½ (31) Swiercz,D (2637)-Mamedov,R (2680) Kocaeli 2017}) 17. Nce3 {LiveBook: 25 Games} Bxe3 18. Nxe3 Be6 19. b3 Qc7 20. Qd3 (20. Nf5 $5) 20... Rfd8 $146 ({Find the theoretical novelty and annotate with similar games (2):} 20... Nc6 21. Nf5 Rfd8 22. Rad1 a4 {½-½ (21) Yaroshenko,Y (2478)-Klauner,T (2483) ICCF email 2008}) 21. Kh1 a4 22. f4 f6 23. f5 Bf7 24. Rfd1 Nc6 25. Nc2 Qb6 26. h3 Qc5 27. Kh2 {The position is equal.} Ra5 28. Rab1 h6 29. Rb2 Ra6 30. Qd2 Kh7 {Precision: White = 67%, Black = 45%.} 1/2-1/2

[Event "EYCC 2017"]
[Site "Mamaia"]
[Date "2017.09.11"]
[Round "6"]
[White "Bulatova, Kamaliya"]
[Black "Esadze, Tamari"]
[Result "0-1"]
[WhiteElo "2014"]
[BlackElo "1863"]
[Annotator "NA RC"]
[PlyCount "118"]
[EventDate "2017.??.??"]
[EventType "swiss"]
[EventCountry "ROU"]
[SourceTitle "playchess.com"]
[Source "ChessBase"]
[SourceQuality "1"]
[TimeControl "40/5400+30:1800+30"]

1. d4 {[%emt 0:00:00]} d5 {[%emt 0:00:05]} 2. c4 {[%emt 0:00:22]} e6 {[%emt 0:00:05]} 3. Nc3 {[%emt 0:00:05]} Nf6 {[%emt 0:00:05]} 4. cxd5 {[%emt 0:00:03]} exd5 {[%emt 0:00:31]} 5. Bg5 {[%emt 0:00:04]} Be7 {[%emt 0:02:42]} 6. e3 {[%emt 0:01:48]} O-O {[%emt 0:02:12]} 7. Qc2 {[%emt 0:02:25]} h6 {[%emt 0:07:57]} 8. Bh4 {[%emt 0:01:30]} b6 {[%emt 0:08:41]} 9. Bd3 {[%emt 0:07:10]} Bb7 {[%emt 0:06:04]} 10. Nf3 {[%emt 0:04:53]} c5 {[%emt 0:05:43]} 11. O-O {[%emt 0:00:45]} Nc6 {[%emt 0:07:23]} 12. a3 {[%emt 0:04:23]} Nh5 {[%emt 0:11:01]} 13. Bxe7 {[%emt 0:01:49]} Nxe7 {[%emt 0:00:27]} 14. Rad1 {[%emt 0:01:41]} c4 {[%emt 0:02:22]} 15. Be2 {[%emt 0:01:08]} Nf6 {[%emt 0:06:04]} 16. b3 {[%emt 0:03:35]} cxb3 {[%emt 0:03:19]} 17. Qxb3 {[%emt 0:00:25]} Ne4 {[%emt 0:02:28]} 18. Bd3 {[%emt 0:07:46]} Rc8 {[%emt 0:07:14]} 19. Bxe4 {[%emt 0:05:46]} dxe4 {[%emt 0:00:03]} 20. Nd2 {[%emt 0:00:05]} Nd5 {[%emt 0:02:19]} 21. Ncxe4 {[%emt 0:01:00]} f5 {[%emt 0:01:30]} 22. Ng3 {[%emt 0:00:46]} Rc3 {[%emt 0:02:54]} 23. Qb2 {[%emt 0:05:15]} Qe7 {[%emt 0:05:33]} 24. Nb1 {[%emt 0:04:46]} Rcc8 {[%emt 0:00:33]} 25. Rfe1 {[%emt 0:00:42]} Qg5 {[%emt 0:03:45]} 26. Qb3 {[%emt 0:06:25]} Kh8 {[%emt 0:01:38]} 27. f4 {[%emt 0:03:13]} Qg6 {[%emt 0:01:47]} 28. Qb2 {[%emt 0:04:21]} h5 {[%emt 0:00:37]} 29. Qf2 {[%emt 0:00:45]} Rfe8 {[%emt 0:01:58]} 30. Nf1 {[%emt 0:01:37]} Qc6 {[%emt 0:01:13]} 31. Nbd2 {[%emt 0:05:54]} Nc3 {[%emt 0:03:26]} 32. Rc1 {[%emt 0:01:34]} Qb5 {[%emt 0:00:36]} 33. Ra1 {[%emt 0:00:44]} Re6 {[%emt 0:00:35]} 34. Qh4 {[%emt 0:02:18]} g6 {[%emt 0:01:30]} 35. Qf2 {[%emt 0:00:40]} Qd3 {[%emt 0:00:45]} 36. Nf3 {[%emt 0:01:11]} Bxf3 {[%emt 0:00:34]} 37. Qxf3 {[%emt 0:00:21]} Ne4 {[%emt 0:00:55]} 38. Red1 {[%emt 0:03:01]} Qc2 {[%emt 0:00:32]} 39. Ng3 {[%emt 0:02:52]} Nc3 {[%emt 0:00:30]} 40. Re1 {[%emt 0:00:00]} Rce8 {[%emt 0:01:17]} 41. Nf1 {[%emt 0:15:28]} Qd3 {[%emt 0:03:47]} 42. Rac1 {[%emt 0:06:36]} Re4 {[%emt 0:05:51]} 43. Qf2 {[%emt 0:05:21]} Nd5 {[%emt 0:02:40]} 44. Red1 {[%emt 0:05:04]} Qxa3 {[%emt 0:03:16]} 45. Rc6 {[%emt 0:01:37]} R4e6 {[%emt 0:05:20]} 46. Rdc1 {[%emt 0:01:39]} Qe7 {[%emt 0:05:53]} 47. Qa2 {[%emt 0:01:21]} Rxc6 {[%emt 0:01:01]} 48. Rxc6 {[%emt 0:01:08]} Nb4 {[%emt 0:00:06]} 49. Qc4 {[%emt 0:00:15]} Nxc6 {[%emt 0:00:06]} 50. Qxc6 {[%emt 0:00:03]} Qe6 {[%emt 0:00:39]} 51. Qc3 {[%emt 0:01:06]} Kh7 {[%emt 0:01:21]} 52. Qa3 {[%emt 0:01:09]} a5 {[%emt 0:00:42]} 53. Kf2 {[%emt 0:01:08]} Rc8 {[%emt 0:00:18]} 54. Nd2 {[%emt 0:01:00]} Rc2 {[%emt 0:00:38]} 55. Ke1 {[%emt 0:00:07]} b5 {[%emt 0:02:38]} 56. Nf3 {[%emt 0:01:25]} b4 {[%emt 0:00:34]} 57. Ng5+ {[%emt 0:00:34]} Kh6 {[%emt 0:00:09]} 58. Qd3 {[%emt 0:00:08]} Qa2 {[%emt 0:00:23]} 59. Qd1 {[%emt 0:01:27]} Qb2 {[%emt 0:00:36]} 0-1